000 00617nam a2200241Ia 4500
008 170203s9999 xx 000 0 und d
020 _a9780431149103
050 _a617
050 _b.F971s 2005
100 _aFullick, Ann
245 _aFrontiers of surgery /
245 _cAnn Fullick.
260 _aChicago, Ill. :
260 _bHeinemann Library,
260 _cc2006.
300 _a64 pages :
300 _bcol. ill. ;
300 _c24 cm.
440 _aScience at the Edge.
500 _aIncludes bibliographical references (p. 63) and index.
650 _aMedicine.
650 _aSurgery.
999 _c305484
_d305484